[Event "Pere Noel"]
[Site "Montreal CAN"]
[Date "2009.12.26"]
[Round "1"]
[White "Ramaswamy, Kishor"]
[Black "Chiku-Ratte, Olivier-Kenta"]
[Result "1-0"]
[WhiteElo "2219"]
[BlackElo "1801"]
[PlyCount "69"]
[EventDate "2009.12.26"]
[EventType "swiss"]
[EventRounds "5"]
[EventCountry "CAN"]

1. d4 Nf6 2. Nf3 g6 3. Bg5 Bg7 4. Nbd2 d6 5. c3 Nbd7 6. e4 O-O 7. Be2 h6 8. Bh4
c6 9. O-O Qc7 10. Re1 e5 11. dxe5 dxe5 12. Qc2 Nc5 13. b4 Ne6 14. Nc4 Nh5 15.
Ne3 Nhf4 16. Bf1 b5 17. a4 Rb8 18. axb5 cxb5 19. g3 Nh5 20. Nd5 Qd7 21. Rad1
Qb7 22. Be7 Re8 23. Bd6 Ra8 24. Qd3 a6 25. Bxe5 Nc5 26. Qe3 Bxe5 27. Nxe5 Rxe5
28. Qxc5 Kg7 29. Qd4 f6 30. Be2 Kf7 31. Bxh5 gxh5 32. Nxf6 Kxf6 33. f4 Qa7 34.
fxe5+ Ke6 35. Rf1 1-0

[Event "Pere Noel"]
[Site "Montreal CAN"]
[Date "2009.12.27"]
[Round "2"]
[White "Chiku-Ratte, Olivier-Kenta"]
[Black "Sarrazin-Gendron, Roman"]
[Result "1-0"]
[WhiteElo "1801"]
[BlackElo "1910"]
[PlyCount "67"]
[EventDate "2009.12.26"]
[EventType "swiss"]
[EventRounds "5"]
[EventCountry "CAN"]

1. d4 Nf6 2. c4 c5 3. d5 e6 4. Nc3 exd5 5. cxd5 d6 6. e4 g6 7. f4 Bg7 8. Nf3
Bg4 9. Be2 O-O 10. O-O Re8 11. h3 Bxf3 12. Bxf3 Nbd7 13. Re1 c4 14. Be3 a6 15.
g4 h6 16. h4 b5 17. g5 Nh7 18. a3 f6 19. h5 fxg5 20. hxg6 Nhf8 21. f5 Ne5 22.
Be2 Nfd7 23. Kg2 Qc7 24. Rh1 Nc5 25. Rh5 Ned3 26. Bxd3 Nxd3 27. Qf3 Qe7 28.
Rah1 Nxb2 29. Bxg5 hxg5 30. f6 Qxf6 31. Rh8+ Bxh8 32. Rxh8+ Kg7 33. Rh7+ Kxg6
34. Qh5# 1-0

[Event "Pere Noel"]
[Site "Montreal CAN"]
[Date "2009.12.28"]
[Round "3"]
[White "Chiku-Ratte, Olivier-Kenta"]
[Black "Barbeau, Sylvain"]
[Result "0-1"]
[WhiteElo "1801"]
[BlackElo "2372"]
[PlyCount "116"]
[EventDate "2009.12.26"]
[EventType "swiss"]
[EventRounds "5"]
[EventCountry "CAN"]

1. d4 Nf6 2. c4 g6 3. Nc3 d5 4. cxd5 Nxd5 5. e4 Nxc3 6. bxc3 Bg7 7. Nf3 c5 8.
Rb1 O-O 9. Be2 b6 10. O-O Bb7 11. Qd3 e6 12. Bg5 Qd6 13. Qe3 Rc8 14. Rfd1 cxd4
15. cxd4 Nd7 16. e5 Qf8 17. Rdc1 Rxc1+ 18. Rxc1 Rc8 19. Bb5 Nb8 20. Rc3 a6 21.
Ba4 b5 22. Bb3 a5 23. Qc1 Na6 24. Bd2 a4 25. Bd1 Rxc3 26. Qxc3 Qd8 27. Ne1 Bf8
28. Nd3 Qb6 29. a3 Qc6 30. Qxc6 Bxc6 31. Bc1 b4 32. Nxb4 Nxb4 33. axb4 Bxb4 34.
Bb2 Kf8 35. f3 Ke7 36. Kf2 Kd7 37. Ke3 Kc7 38. Bc2 a3 39. Ba1 Bd5 40. Be4 Bc4
41. Bd3 Bb3 42. h4 h6 43. g4 Be7 44. h5 gxh5 45. gxh5 f5 46. Be2 Bb4 47. f4 Kb6
48. Bd3 Ka5 49. Be2 Ka4 50. Kd3 Be1 51. Bc3 a2 52. Bb2 Kb4 53. Bf3 Ba4 54. d5
Kb3 55. Bd4 Bb5+ 56. Ke3 Bc3 57. Bd1+ Kb2 58. Bxc3+ Kxc3 0-1

[Event "Pere Noel"]
[Site "Montreal CAN"]
[Date "2009.12.30"]
[Round "5"]
[White "Chiku-Ratte, Olivier-Kenta"]
[Black "Bergeron, Rene"]
[Result "1/2-1/2"]
[WhiteElo "1801"]
[BlackElo "1560"]
[PlyCount "163"]
[EventDate "2009.12.26"]
[EventType "swiss"]
[EventRounds "5"]
[EventCountry "CAN"]

1. d4 d5 2. c4 e6 3. Nc3 Nf6 4. cxd5 exd5 5. Bg5 Be7 6. e3 O-O 7. Bd3 Nbd7 8.
Qc2 h6 9. Bf4 c5 10. dxc5 Nxc5 11. Nf3 Nh5 12. Bg3 Nxg3 13. hxg3 Nxd3+ 14. Qxd3
Bf6 15. O-O Be6 16. Nd4 a6 17. Rfd1 Qd7 18. Rd2 Rac8 19. Rad1 Qc7 20. Rc2 Qe5
21. Rcd2 Qc7 22. f4 Bxd4 23. Qxd4 Qa5 24. f5 Bxf5 25. Nxd5 Rfe8 26. Qf4 Be6 27.
Nc3 Qb6 28. Qd4 Qc7 29. Kh2 Qa5 30. a3 Qg5 31. Ne4 Qh5+ 32. Kg1 Rc4 33. Qd3 Rc6
34. Nf2 Qg5 35. e4 Rec8 36. Nh3 Bxh3 37. gxh3 Rg6 38. Kg2 Re8 39. Re1 h5 40.
Rf2 h4 41. g4 Qe5 42. Ree2 Rf6 43. Rxf6 Qxf6 44. Qd7 Qe5 45. Qd3 Re6 46. Qd8+
Re8 47. Qxh4 Qd4 48. g5 Re5 49. Qg4 Qd8 50. h4 f6 51. Rc2 Re8 52. g6 Kf8 53.
Qh5 Ke7 54. Qc5+ Qd6 55. Qc7+ Qd7 56. h5 Ke6 57. Qb6+ Ke5 58. Qc5+ Ke6 59. Qf5+
Ke7 60. Qf4 Rc8 61. Rxc8 Qxc8 62. Kg3 Qc2 63. h6 gxh6 64. Qxh6 Qxe4 65. Qg7+
Ke6 66. Qf7+ Kf5 67. Kf2 Qh4+ 68. Kf1 Qh1+ 69. Kf2 Qh2+ 70. Ke3 Qe5+ 71. Kd3
Qg3+ 72. Kc4 b5+ 73. Kb4 Qxg6 74. Qd7+ Kg5 75. Qd2+ Kg4 76. Ka5 f5 77. Qg2+ Kh5
78. Qh3+ Kg5 79. Qg3+ Kh6 80. Qh4+ Kg7 81. Qe7+ Kh6 82. Qh4+ 1/2-1/2

[Event "Quebec-ch U10"]
[Site "Montreal CAN"]
[Date "2009.11.27"]
[Round "1"]
[White "Shi, Ling Yun"]
[Black "Chiku-Ratte, Olivier-Kenta"]
[Result "0-1"]
[WhiteElo "1201"]
[BlackElo "1854"]
[Annotator ",user"]
[PlyCount "72"]
[EventDate "2009.11.27"]
[EventType "swiss"]
[EventRounds "5"]
[EventCountry "CAN"]

1. e4 c5 2. Nf3 d6 3. d4 cxd4 4. Nxd4 Nf6 5. Nc3 g6 6. Be3 Bg7 7. Be2 Nc6 8.
O-O O-O 9. f4 Qb6 10. Qd2 Nxe4 11. Nxe4 Bxd4 12. Bxd4 Qxd4+ 13. Qxd4 Nxd4 14.
Bd3 Bf5 15. c3 Nc6 16. Rad1 Rac8 17. Rfe1 a6 18. Bc4 b5 19. Bd5 Bxe4 20. Bxe4
Rfe8 21. Bxc6 Rxc6 22. Rd4 e6 23. Red1 d5 24. Re1 Rec8 25. g3 Rc4 26. Rd3 b4
27. cxb4 Rxb4 28. b3 a5 29. Kf2 a4 30. bxa4 Rxa4 31. Rb1 Rca8 32. Rd2 Ra3 33.
Ke2 Kf8 34. Rc2 R8a7 35. Kd1 Ke7 36. Kc1 Kd6 {etc.} 0-1

[Event "Quebec-ch U10"]
[Site "Montreal CAN"]
[Date "2009.11.28"]
[Round "2"]
[White "Chiku-Ratte, Olivier-Kenta"]
[Black "Wang, Kelly"]
[Result "1-0"]
[WhiteElo "1854"]
[BlackElo "1531"]
[PlyCount "113"]
[EventDate "2009.11.27"]
[EventType "swiss"]
[EventRounds "5"]
[EventCountry "CAN"]

1. d4 d5 2. c4 e6 3. Nc3 Be7 4. cxd5 exd5 5. Bf4 Nf6 6. Qc2 Nbd7 7. e3 O-O 8.
Bd3 c6 9. Nf3 Re8 10. O-O Nf8 11. h3 Bd7 12. a3 a5 13. Rfb1 Ne6 14. Bh2 Nf8 15.
Na4 b5 16. Nc5 a4 17. Nxd7 Qxd7 18. Ne5 Qb7 19. Qxc6 Rab8 20. Qxb7 Rxb7 21. Rc1
N8d7 22. Nc6 Bf8 23. Nb4 Bxb4 24. axb4 Nb8 25. Bxb8 Rexb8 26. Rc5 Kf8 27. Rac1
Ke7 28. Rc8 Rxc8 29. Rxc8 Nd7 30. Kf1 h6 31. Rc6 f6 32. f3 h5 33. e4 dxe4 34.
fxe4 g5 35. Ke2 g4 36. h4 Nb8 37. Rc5 Na6 38. Rxh5 Nxb4 39. Rxb5 Rxb5 40. Bxb5
Nc2 41. Bxa4 Nxd4+ 42. Kd3 Ne6 43. Ke3 Kf8 44. b4 Kg7 45. b5 Nc5 46. b6 Kh6 47.
Bc6 Kh5 48. b7 Nxb7 49. Bxb7 Kxh4 50. Kf4 Kh5 51. Kf5 Kh4 52. Kxf6 Kg3 53. e5
Kf4 54. e6 g3 55. e7 Kg4 56. e8=Q Kf4 57. Qe4# 1-0

[Event "Quebec-ch U10"]
[Site "Montreal CAN"]
[Date "2009.11.28"]
[Round "3"]
[White "Zhu, Hong Rui"]
[Black "Chiku-Ratte, Olivier-Kenta"]
[Result "1-0"]
[WhiteElo "1704"]
[BlackElo "1854"]
[PlyCount "129"]
[EventDate "2009.11.27"]
[EventType "swiss"]
[EventRounds "5"]
[EventCountry "CAN"]

1. e4 c5 2. Nf3 d6 3. c3 Nf6 4. Be2 g6 5. O-O Bg7 6. Re1 O-O 7. Bf1 Nc6 8. d4
cxd4 9. cxd4 Bg4 10. Nc3 Bxf3 11. gxf3 a6 12. Be3 b5 13. a3 Rc8 14. Rc1 Na5 15.
b4 Nc4 16. Bxc4 Rxc4 17. Ne2 Qc7 18. Rxc4 Qxc4 19. Qc1 Rc8 20. Qxc4 Rxc4 21.
Rc1 Rxc1+ 22. Nxc1 Nd7 23. Ne2 Nb6 24. Nc3 e6 25. Kf1 Nc4 26. a4 bxa4 27. Nxa4
Kf8 28. Ke2 Ke7 29. Kd3 Nxe3 30. fxe3 Kd7 31. Nc3 Kc6 32. Kc4 Bh6 33. d5+ Kc7
34. Nd1 e5 35. Kb3 Kb6 36. Ka4 Kb7 37. h3 Bg5 38. Nb2 f5 39. exf5 gxf5 40. e4
fxe4 41. fxe4 Bd8 42. Nc4 Bc7 43. b5 axb5+ 44. Kxb5 h6 45. Ne3 h5 46. Nf5 h4
47. Nxh4 Bd8 48. Nf5 Kc7 49. h4 Kd7 50. h5 Bf6 51. h6 Bh8 52. Kc4 Bf6 53. Kd3
Bg5 54. Ke2 Ke8 55. Nxd6+ Kf8 56. Nf5 Kf7 57. Kd3 Bf6 58. Kc4 Ke8 59. d6 Kd7
60. Kd5 Bh8 61. Ng7 Kd8 62. Ke6 Kc8 63. Ke7 Kb7 64. d7 Kc6 65. d8=Q 1-0

[Event "Quebec-ch U10"]
[Site "Montreal CAN"]
[Date "2009.11.29"]
[Round "4"]
[White "Chiku-Ratte, Olivier-Kenta"]
[Black "Saine, Zachary"]
[Result "1-0"]
[WhiteElo "1854"]
[BlackElo "2459"]
[PlyCount "51"]
[EventDate "2009.11.27"]
[EventType "swiss"]
[EventRounds "5"]
[EventCountry "CAN"]

1. d4 d5 2. c4 e6 3. Nc3 Nf6 4. cxd5 exd5 5. Bg5 Be6 6. e3 c6 7. Bd3 Be7 8. Qc2
Nbd7 9. f4 Nf8 10. Nf3 h6 11. Bh4 Qc7 12. f5 Bd7 13. Bxf6 Bxf6 14. Nxd5 Qa5+
15. Nc3 Be7 16. a3 c5 17. O-O Bf6 18. Ne4 Be7 19. Nxc5 Bc8 20. b4 Qd8 21. Qb3
b6 22. Ne5 Ne6 23. fxe6 fxe6 24. Nxe6 Bxe6 25. Bg6+ Bf7 26. Qxf7# 1-0

[Event "Quebec-ch U10"]
[Site "Montreal CAN"]
[Date "2009.11.29"]
[Round "5"]
[White "Chang, Michael"]
[Black "Chiku-Ratte, Olivier-Kenta"]
[Result "1-0"]
[WhiteElo "1588"]
[BlackElo "1854"]
[PlyCount "147"]
[EventDate "2009.11.27"]
[EventType "swiss"]
[EventRounds "5"]
[EventCountry "CAN"]

1. e4 c5 2. Nf3 d6 3. d4 cxd4 4. Nxd4 Nf6 5. Nc3 g6 6. Be2 Bg7 7. O-O Nc6 8.
Be3 O-O 9. h3 Bd7 10. Qd2 Re8 11. f4 Qa5 12. Nb3 Qc7 13. Rad1 Rac8 14. f5 a6
15. fxg6 hxg6 16. Bh6 Bh8 17. Qe3 Ne5 18. Bf4 Bc6 19. Bxe5 dxe5 20. Bd3 Rcd8
21. Rd2 Nh5 22. Rdf2 Bf6 23. Kh2 Bh4 24. Rf3 f5 25. Qh6 Qd6 26. Bc4+ e6 27.
Qxg6+ Ng7 28. Rd1 Qe7 29. Rxd8 Rxd8 30. Rxf5 Be8 31. Qg4 b5 32. Bxe6+ Qxe6 33.
Qxh4 Nxf5 34. Qxd8 Ng7 35. Qd5 Bc6 36. Qxe6+ Nxe6 37. Nd5 Kf7 38. h4 Nd8 39. g4
Nb7 40. Nd2 a5 41. Nf3 Bxd5 42. exd5 Kf6 43. Kg3 e4 44. g5+ Kf5 45. Nd4+ Ke5
46. Ne2 Kf5 47. Nf4 Nd6 48. g6 Kf6 49. Kg4 Nf5 50. h5 Nh6+ 51. Kg3 Nf5+ 52. Kf2
Ke5 53. g7 Nh6 54. Ng6+ Kf6 55. Ke3 Kxg7 56. Kxe4 Kf6 57. a4 bxa4 58. c4 Nf7
59. c5 Ng5+ 60. Kd4 Nf3+ 61. Kc3 Ng5 62. c6 Ne4+ 63. Kd4 Nd6 64. Kc5 Ne4+ 65.
Kb5 a3 66. bxa3 Nc3+ 67. Kc4 Ne4 68. Nf4 Nd6+ 69. Kc5 Ne4+ 70. Kb6 a4 71. h6
Nd6 72. c7 Nc8+ 73. Kc6 Ne7+ 74. Kb7 1-0

[Event "Mercredi 2009.11.18 A-D"]
[Site "Montreal CAN"]
[Date "2009.11.18"]
[Round "1"]
[White "Levkovsky, Alexandre"]
[Black "Chiku-Ratte, Olivier-Kenta"]
[Result "1/2-1/2"]
[WhiteElo "2217"]
[BlackElo "1854"]
[PlyCount "123"]
[EventDate "2009.11.18"]
[EventType "tourn"]
[EventRounds "5"]
[EventCountry "CAN"]

1. e4 c5 2. Nf3 d6 3. d4 cxd4 4. Nxd4 Nf6 5. Nc3 g6 6. Be2 Bg7 7. O-O Nc6 8.
Be3 O-O 9. Nb3 Be6 10. f4 a6 11. f5 Bxb3 12. axb3 b5 13. g4 Ne5 14. g5 Nfd7 15.
Nd5 Re8 16. c4 bxc4 17. bxc4 e6 18. Nc3 Nb6 19. f6 Nbxc4 20. Bf2 Bf8 21. b3 Na5
22. Ra4 Rc8 23. Na2 Qc7 24. Bxa6 Rb8 25. Nc1 Ra8 26. Be2 Rec8 27. Qd4 Qc2 28.
Qe3 Nac6 29. Bd3 Qc3 30. Ba6 Qxe3 31. Bxe3 Rcb8 32. Rd1 Rb4 33. Rxb4 Nxb4 34.
Be2 Rc8 35. Kf2 Rc2 36. Kg3 d5 37. Bf4 Bd6 38. Nd3 Nbxd3 39. Bxd3 Rc3 40. Bxe5
Bxe5+ 41. Kg2 d4 42. b4 Rb3 43. b5 Rb2+ 44. Kf3 Rxh2 45. b6 Rb2 46. Rb1 Rxb1
47. Bxb1 h6 48. gxh6 Kh7 49. b7 Kxh6 50. Kg4 g5 51. Kf3 Bb8 52. Kg4 e5 53. Kf5
g4 54. Kxg4 Kg6 55. Bd3 Kxf6 56. Bc4 Ke7 57. Kf5 Kd6 58. Kg4 f6 59. Kf3 Kc6 60.
Be6 Kc5 61. Ke2 Kd6 62. Bc8 1/2-1/2

[Event "Mercredi 2009.11.18 A-D"]
[Site "Montreal CAN"]
[Date "2009.11.25"]
[Round "2"]
[White "Chiku-Ratte, Olivier-Kenta"]
[Black "Cvetkovic, Simeon"]
[Result "1/2-1/2"]
[WhiteElo "1854"]
[BlackElo "1933"]
[PlyCount "144"]
[EventDate "2009.11.18"]
[EventType "tourn"]
[EventRounds "5"]
[EventCountry "CAN"]

1. d4 e6 2. c4 d5 3. Nc3 Nf6 4. cxd5 exd5 5. Bg5 Nbd7 6. e3 c6 7. Bd3 Bd6 8.
Qc2 h6 9. Bh4 O-O 10. Nf3 Re8 11. O-O Qc7 12. Rfc1 a6 13. Rab1 g5 14. Bg3 Kg7
15. a4 Bxg3 16. hxg3 a5 17. Qb3 Qd6 18. Bf5 Qb4 19. Qc2 Nb6 20. b3 Be6 21. Bxe6
Rxe6 22. Qf5 Nc8 23. Ne5 Ne7 24. Qf3 Ng6 25. Nd3 Qd6 26. Ne5 Re7 27. Rd1 b6 28.
Nd3 Ne4 29. Ne2 Qe6 30. g4 h5 31. Qf5 hxg4 32. Qxe6 Rxe6 33. b4 axb4 34. Rxb4
c5 35. Rb5 Rc6 36. Rc1 Nd6 37. dxc5 bxc5 38. Rbxc5 Rxc5 39. Nxc5 Nc4 40. Nc3
Ne7 41. Nxd5 Nxd5 42. Rxc4 Ra5 43. Nb3 Ra7 44. Rc5 Ne7 45. a5 f6 46. Rc4 f5 47.
Ra4 Kf6 48. a6 Nd5 49. Nc5 Ke5 50. Ra5 Kd6 51. Nb7+ Ke5 52. Kf1 Ke4 53. Ke2
Nc3+ 54. Kd2 Nd5 55. f3+ gxf3 56. gxf3+ Ke5 57. Kd3 Ke6 58. Kd4 Nc7 59. e4 fxe4
60. fxe4 g4 61. Ke3 g3 62. Kf3 Ke7 63. Nc5 Kd6 64. Kxg3 Kc6 65. Nb3 Rxa6 66.
Rxa6+ Nxa6 67. Kf4 Kd6 68. e5+ Ke6 69. Ke4 Nc7 70. Nc5+ Ke7 71. Kf5 Kf7 72. Nb7
Ne6 1/2-1/2

[Event "Mercredi 2009.11.18 A-D"]
[Site "Montreal CAN"]
[Date "2009.12.02"]
[Round "3"]
[White "Lange, David"]
[Black "Chiku-Ratte, Olivier-Kenta"]
[Result "1-0"]
[WhiteElo "1978"]
[BlackElo "1854"]
[PlyCount "65"]
[EventDate "2009.11.18"]
[EventType "tourn"]
[EventRounds "5"]
[EventCountry "CAN"]

1. d4 Nf6 2. c4 g6 3. Nc3 Bg7 4. Nf3 O-O 5. e3 d6 6. Be2 Nbd7 7. O-O c6 8. b3
Qc7 9. Bb2 e5 10. Qc2 exd4 11. Nxd4 a5 12. Rfd1 Nc5 13. Rac1 Re8 14. a3 Qb6 15.
Rb1 Ng4 16. h3 Nh6 17. Bc1 Bxd4 18. exd4 Bf5 19. dxc5 Bxc2 20. cxb6 Bxb1 21.
Bxh6 Bf5 22. Rxd6 Rad8 23. c5 Rxd6 24. cxd6 f6 25. Bc4+ Kh8 26. Be3 Kg7 27. g4
Bd7 28. Na4 Rd8 29. Nc5 Bc8 30. Bf4 g5 31. Bg3 Kf8 32. d7 Rxd7 33. Nxd7+ 1-0

[Event "Mercredi 2009.11.18 A-D"]
[Site "Montreal CAN"]
[Date "2009.12.09"]
[Round "4"]
[White "Chiku-Ratte, Olivier-Kenta"]
[Black "Dumont, Felix"]
[Result "0-1"]
[WhiteElo "1854"]
[BlackElo "1936"]
[PlyCount "92"]
[EventDate "2009.11.18"]
[EventType "tourn"]
[EventRounds "5"]
[EventCountry "CAN"]

1. d4 Nf6 2. c4 g6 3. Nc3 Bg7 4. e4 d6 5. f4 O-O 6. Nf3 c5 7. d5 e6 8. Be2 exd5
9. cxd5 Re8 10. Nd2 c4 11. O-O b5 12. a3 Nbd7 13. Bf3 Rb8 14. Re1 Nc5 15. g3
Nd3 16. Re3 Qb6 17. Nf1 Nd7 18. Kg2 N7c5 19. Rb1 Bh3+ 20. Kg1 Bd4 21. Qe2 Nb3
22. Na2 Nbxc1 23. Nxc1 Nxc1 24. Rxc1 Bxf1 25. Rxf1 Bxe3+ 26. Kg2 Bd4 27. Rd1 f5
28. Qd2 fxe4 29. Qxd4 exf3+ 30. Kxf3 Qxd4 31. Rxd4 Re1 32. Kf2 Rbe8 33. Rd2 Kf7
34. h3 Kf6 35. g4 R1e4 36. Kf3 Re3+ 37. Kg2 Re2+ 38. Rxe2 Rxe2+ 39. Kf3 Rxb2
40. Ke3 Rb3+ 41. Kd4 Rxa3 42. g5+ Kf5 43. h4 h6 44. gxh6 a5 45. h7 a4 46. h8=Q
Rd3# 0-1

[Event "Mercredi 2009.11.18 A-D"]
[Site "Montreal CAN"]
[Date "2009.12.16"]
[Round "5"]
[White "Gagnon, Serge"]
[Black "Chiku-Ratte, Olivier-Kenta"]
[Result "1-0"]
[WhiteElo "1954"]
[BlackElo "1854"]
[PlyCount "125"]
[EventDate "2009.11.18"]
[EventType "tourn"]
[EventRounds "5"]
[EventCountry "CAN"]

1. d4 Nf6 2. c4 g6 3. Nc3 Bg7 4. e4 d6 5. Nf3 O-O 6. Be2 Na6 7. O-O e5 8. dxe5
dxe5 9. Qxd8 Rxd8 10. Bg5 Re8 11. Nd2 c6 12. f3 Be6 13. Nb3 b6 14. Rfd1 Rad8
15. Be3 Nb4 16. Rac1 Nh5 17. g3 h6 18. Na1 Na6 19. Nb3 Nc7 20. c5 Bxb3 21. axb3
b5 22. Rd6 Rxd6 23. cxd6 Ne6 24. Bxa7 Rd8 25. Be3 Rxd6 26. Kf2 Nd4 27. Bd1 g5
28. Ne2 Kf8 29. Nxd4 exd4 30. Bd2 Ke8 31. f4 Nf6 32. Bf3 g4 33. Bg2 Nd7 34. e5
Re6 35. Bxc6 Bf8 36. Bxb5 Kd8 37. Ba5+ Nb6 38. Rc6 Rxc6 39. Bxc6 Kc7 40. Bd5 f6
41. exf6 Kd6 42. Bxb6 Kxd5 43. Ke2 Ke4 44. Bd8 d3+ 45. Kd1 h5 46. Be7 Bh6 47.
f7 Kf3 48. f8=Q Bxf8 49. Bxf8 Kg2 50. b4 Kxh2 51. b5 Kxg3 52. b6 h4 53. b7 h3
54. b8=Q Kf2 55. Bc5+ Kg2 56. f5 h2 57. Qb7+ Kg3 58. f6 Kh3 59. f7 g3 60. f8=Q
g2 61. Qh7+ Kg3 62. Qhg7+ Kh3 63. Qfh8# 1-0

[Event "Mercredi 2009.10.07 A-D"]
[Site "Montreal CAN"]
[Date "2009.10.07"]
[Round "1"]
[White "Chiku-Ratte, Olivier-Kenta"]
[Black "Mathews, Theo"]
[Result "1-0"]
[WhiteElo "1729"]
[BlackElo "1723"]
[PlyCount "95"]
[EventDate "2009.10.07"]
[EventType "tourn"]
[EventRounds "5"]
[EventCountry "CAN"]

1. d4 d5 2. c4 e6 3. Nc3 f5 4. cxd5 exd5 5. Nf3 Nf6 6. Bg5 c6 7. e3 Be7 8. Bd3
O-O 9. O-O Ne4 10. Bf4 Nd7 11. h3 Ndf6 12. Ne5 Nd7 13. f3 Nd6 14. b4 Nxe5 15.
Bxe5 Nf7 16. Qb3 Qb6 17. Bh2 Qxb4 18. Qc2 Nd6 19. Rab1 Qa5 20. Qb3 Qd8 21. e4
fxe4 22. fxe4 Rxf1+ 23. Rxf1 Be6 24. exd5 cxd5 25. Re1 Qd7 26. Nxd5 Kh8 27. Nb6
axb6 28. Qxe6 Qxe6 29. Rxe6 Nc8 30. d5 Bc5+ 31. Kf1 Na7 32. a4 Kg8 33. Bc7 Rf8+
34. Ke1 Nc8 35. d6 Na7 36. d7 Nc6 37. Bc4 Kh8 38. Re8 h6 39. d8=Q Nxd8 40.
Rxf8+ Bxf8 41. Bxd8 Bc5 42. Ke2 g5 43. Bf6+ Kh7 44. Bf7 Bg1 45. Kd3 Bh2 46. Kc4
Bf4 47. Kb5 Bc7 48. Bd4 1-0

[Event "Mercredi 2009.10.07 A-D"]
[Site "Montreal CAN"]
[Date "2009.10.14"]
[Round "2"]
[White "Gauthier, Luc"]
[Black "Chiku-Ratte, Olivier-Kenta"]
[Result "0-1"]
[WhiteElo "1720"]
[BlackElo "1729"]
[PlyCount "76"]
[EventDate "2009.10.07"]
[EventType "tourn"]
[EventRounds "5"]
[EventCountry "CAN"]

1. e4 c5 2. Nc3 Nc6 3. f4 g6 4. Nf3 Bg7 5. Bb5 Nd4 6. O-O Nxb5 7. Nxb5 d5 8.
exd5 a6 9. Nc3 Nf6 10. d4 Nxd5 11. dxc5 Nxc3 12. Qxd8+ Kxd8 13. bxc3 Kc7 14.
Nd4 Rd8 15. Be3 Bf5 16. Nxf5 gxf5 17. Rab1 Bxc3 18. c6 Kxc6 19. Rb6+ Kc7 20.
Rh6 Bd4 21. Bxd4 Rxd4 22. Rxh7 Rf8 23. Re1 Kd7 24. g3 Rd2 25. Rc1 e6 26. a4 Ke7
27. h4 Rg8 28. Rb1 Rxg3+ 29. Kf1 Rxc2 30. Rxb7+ Kd6 31. Rhxf7 Rf3+ 32. Ke1 Rxf4
33. Rb6+ Rc6 34. a5 Rxh4 35. Ra7 Rxb6 36. axb6 Ra4 37. Ra8 Kc6 38. Re8 Re4+ 0-1

[Event "Mercredi 2009.10.07 A-D"]
[Site "Montreal CAN"]
[Date "2009.10.21"]
[Round "3"]
[White "Chiku-Ratte, Olivier-Kenta"]
[Black "Khudaverdian, Berj"]
[Result "1-0"]
[WhiteElo "1729"]
[BlackElo "1761"]
[PlyCount "57"]
[EventDate "2009.10.07"]
[EventType "tourn"]
[EventRounds "5"]
[EventCountry "CAN"]

1. d4 c6 2. c4 d5 3. Nf3 Nf6 4. Nc3 e6 5. e3 Bd6 6. Qc2 O-O 7. b3 a5 8. Be2 Na6
9. a3 Qe7 10. Bb2 b6 11. O-O Bb7 12. Rfd1 Rab8 13. Na4 Nd7 14. Bd3 f5 15. Qe2
Nc7 16. Ne5 b5 17. cxb5 cxb5 18. Bxb5 Nxb5 19. Qxb5 Nxe5 20. dxe5 Bc7 21. Bd4
Qd8 22. Ba7 Bxe5 23. Rac1 Ba8 24. Bxb8 Qxb8 25. Qxa5 Qxb3 26. Qb4 Qa2 27. Rd2
Qc4 28. Rxc4 Rb8 29. Qxb8+ 1-0

[Event "Mercredi 2009.10.07 A-D"]
[Site "Montreal CAN"]
[Date "2009.10.28"]
[Round "4"]
[White "Brichko, Mike"]
[Black "Chiku-Ratte, Olivier-Kenta"]
[Result "0-1"]
[WhiteElo "174"]
[BlackElo "1729"]
[PlyCount "62"]
[EventDate "2009.10.07"]
[EventType "tourn"]
[EventRounds "5"]
[EventCountry "CAN"]

1. d4 Nf6 2. c4 g6 3. Nc3 Bg7 4. e4 d6 5. f3 O-O 6. Bg5 c5 7. Nge2 Nc6 8. dxc5
dxc5 9. Qxd8 Rxd8 10. Rd1 Be6 11. Nd5 Bxd5 12. exd5 Ne5 13. Nc3 b6 14. Be2 h6
15. Bh4 g5 16. Bg3 Nh5 17. O-O Nxg3 18. hxg3 e6 19. Rfe1 Ng6 20. Bd3 Bd4+ 21.
Kh2 Ne5 22. Re2 a6 23. Ne4 Kg7 24. Nc3 Rab8 25. a4 f5 26. Kh1 Rd6 27. f4 Ng4
28. Rdd2 Ne3 29. dxe6 Bxc3 30. bxc3 Nf1 31. fxg5 Nxg3+ 0-1

[Event "Mercredi 2009.10.07 A-D"]
[Site "Montreal CAN"]
[Date "2009.11.04"]
[Round "5"]
[White "Chiku-Ratte, Olivier-Kenta"]
[Black "Gates, Claude-Eric"]
[Result "1/2-1/2"]
[WhiteElo "1729"]
[BlackElo "1686"]
[PlyCount "108"]
[EventDate "2009.10.07"]
[EventType "tourn"]
[EventRounds "5"]
[EventCountry "CAN"]

1. d4 Nf6 2. c4 e6 3. Nc3 Bb4 4. e3 O-O 5. Nge2 b5 6. a3 Bxc3+ 7. Nxc3 bxc4 8.
Bxc4 d5 9. Bd3 a5 10. O-O Ba6 11. Bxa6 Nxa6 12. Bd2 c5 13. Qa4 c4 14. f3 Qb6
15. Qb5 Rfb8 16. Qxb6 Rxb6 17. Na4 Rb5 18. Rfe1 Nc7 19. e4 Rab8 20. Bc3 Nd7 21.
Re2 h6 22. Rae1 Na8 23. exd5 Rxd5 24. Kf2 Nab6 25. Nxb6 Rxb6 26. Ke3 f6 27. f4
f5 28. Rc1 Nf6 29. h3 Ne4 30. g4 Kf7 31. h4 Rb3 32. a4 Nxc3 33. Rxc3 Rxc3+ 34.
bxc3 fxg4 35. Rb2 Kf6 36. Ke4 Rh5 37. Rb6 Rxh4 38. d5 g3 39. Rxe6+ Kf7 40. Kf3
g2 41. Kxg2 Rxf4 42. Ra6 Ke7 43. Rxa5 Kd6 44. Rb5 Rf8 45. Rb7 Kxd5 46. Rxg7 Ra8
47. Rh7 Ra6 48. Kf3 Rxa4 49. Rxh6 Ra3 50. Rh5+ Kc6 51. Ke4 Rxc3 52. Kd4 Rc1 53.
Rc5+ Kd6 54. Rxc4 Rxc4+ 1/2-1/2

[Event "Mercredi 2009.09.02 A-D"]
[Site "Montreal CAN"]
[Date "2009.09.02"]
[Round "1"]
[White "Khudaverdian, Berj"]
[Black "Chiku-Ratte, Olivier-Kenta"]
[Result "0-1"]
[WhiteElo "1841"]
[BlackElo "1723"]
[PlyCount "90"]
[EventDate "2009.09.02"]
[EventType "tourn"]
[EventRounds "5"]
[EventCountry "CAN"]

1. d4 Nf6 2. g3 g6 3. Bg2 Bg7 4. Nf3 O-O 5. O-O d6 6. h3 Nbd7 7. c4 e5 8. d5 a5
9. Be3 b6 10. Nc3 Nc5 11. Bxc5 bxc5 12. Nb5 Nd7 13. e4 f5 14. exf5 gxf5 15. Kh2
e4 16. Nh4 Bxb2 17. Rb1 Bg7 18. Nxf5 Rxf5 19. Bxe4 Re5 20. Qc2 Nf6 21. Bg2 Bf5
22. Qb2 Bxb1 23. Qxb1 Qe7 24. Nc3 Re8 25. Nb5 Ne4 26. Qc2 Nf6 27. Na7 Re1 28.
Nc6 Qe2 29. Qxe2 R8xe2 30. Rxe1 Rxe1 31. Nxa5 Re2 32. Nc6 Rxa2 33. Kg1 Ra4 34.
Bf1 Nd7 35. Nd8 Ne5 36. Ne6 Nxc4 37. Nxc7 Nb6 38. Bb5 Rb4 39. Bc6 c4 40. Kf1 c3
41. Ke2 Rb2+ 42. Kd1 c2+ 43. Kc1 Nc4 44. Nb5 Na5 45. Nxd6 Nb3# 0-1

[Event "Mercredi 2009.09.02 A-D"]
[Site "Montreal CAN"]
[Date "2009.09.09"]
[Round "2"]
[White "Chiku-Ratte, Olivier-Kenta"]
[Black "Cvetkovic, Simeon"]
[Result "1/2-1/2"]
[WhiteElo "1723"]
[BlackElo "1763"]
[PlyCount "120"]
[EventDate "2009.09.02"]
[EventType "tourn"]
[EventRounds "5"]
[EventCountry "CAN"]

1. d4 f5 2. Nc3 Nf6 3. Bg5 e6 4. e4 fxe4 5. Nxe4 Be7 6. Nxf6+ Bxf6 7. Qh5+ g6
8. Bxf6 Qxf6 9. Qe5 O-O 10. Nf3 Nc6 11. Qxf6 Rxf6 12. c3 b6 13. Bd3 Bb7 14. O-O
Raf8 15. Ne5 Nxe5 16. dxe5 Rf4 17. f3 d6 18. Rfe1 d5 19. Rad1 c5 20. Bb5 Rd8
21. Kf2 g5 22. Bd3 Rdf8 23. h3 Kg7 24. Ke3 d4+ 25. cxd4 Rxd4 26. Be4 Rfd8 27.
Rxd4 cxd4+ 28. Kd2 Bd5 29. Bxd5 Rxd5 30. Re4 Kf7 31. Kd3 Ke7 32. g3 Rb5 33. b3
Ra5 34. a4 b5 35. Rxd4 bxa4 36. Rxa4 Rxe5 37. Rxa7+ Kf6 38. g4 h6 39. Rb7 Re1
40. b4 Ke5 41. Rf7 Rc1 42. b5 Kd6 43. b6 Rb1 44. b7 Rb4 45. Kc3 Rb1 46. Kc4 Rb2
47. Kd4 Rb4+ 48. Kc3 Rb1 49. Rh7 Rb5 50. Kc4 Rb1 51. Rxh6 Rxb7 52. Rg6 Rh7 53.
Rxg5 Rxh3 54. f4 Rf3 55. f5 exf5 56. Rxf5 Rxf5 57. gxf5 Ke5 58. f6 Ke6 59. f7
Ke7 60. f8=Q+ Kxf8 1/2-1/2